000 00726nam a2200193Ii 4500
003 JO-AjNU
008 230605s9999||||xx |||||||||||||| ||und||
040 _aJO-AjNU
_bara
_erda
_cJO-AjNU
041 _aara
050 1 4 _aHG4538 .A2864 1989
100 3 _aأبو قحف، عبد السلام,
_eauthor
_952923
245 0 0 _aالسياسات والاشكال المختلفة للاستثمارات الاجنبية
264 3 1 _aالاسكندرية: مؤسسة شباب الجامعة، 1989
300 _a207ص
336 _atext
_btxt
_2rdacontent
337 _aunmediated
_bn
_2rdamedia
338 _avolume
_bnc
_2rdacarrier
650 4 _a الاستثمار الدولي- الاستثمارات الأجنبية
_952924
999 _aA23472
_c27040
_d27040